Category 5 Pacific Hurricanes by satellite image - Statistics

General Stats
  • This quiz has been taken 41 times
    34 since last reset
  • The average score is 14 of 20
Answer Stats
Picture Hint Answer % Correct
2023 Jova
100%
2023 Otis
100%
2015 Patricia
100%
1994 John
92%
2024 Kristy
83%
2018 Walaka
83%
2010 Celia
75%
2006 Ioke
75%
1997 Linda
75%
2009 Rick
75%
1997 Guillermo
67%
2002 Kenna
67%
2018 Lane
67%
2018 Willa
67%
2002 Hernan
58%
2014 Marie
58%
1973 Ava
50%
2002 Elida
50%
1994 Emilia
50%
1994 Gilma
50%
No matching quizzes found
Score Distribution
Percent of People with Each Score
Percentile by Number Answered
Your Score History
You have not taken this quiz since the last reset